00623 2200229 4500001002100000005001500021035002000036007000300056008004100059020002200100082000800122084001400130100002300144245009900167250001000266260003600276300002500312650002000337990001200357990001100369990001300380INLIS00000000000039220170928100620 a0010-0917000378ta170928 f 0 ind  a978-979-433-822-3 a297 a297 SHI m0 aShihab, M. Quraish1 aMembumikan Al Qur'an :bFungsi dan Peran Wahyu dalam Kehidupan Masyarakat /cM. Quraish Shihab acet.1 aBandung :bMizan Pustaka,c2014 a661hlm ;c15 x 24 cm aTafsir Al Quran a14 964a a14964b a1071 453